Liedtext erkennen #3 - Statistiken

Allgemein
  • Dieses Quiz wurde 505 mal gespielt
    500 seit der letzten Aktualisierung
  • Das Durchschnittsergebnis liegt bei 107 aus 258
Antwortstatistiken
Antwort % Korrekt
ich
98%
du
96%
da
82%
sie
78%
Es
77%
es
77%
(es
77%
der
75%
die
75%
und
74%
Und
74%
das
73%
(das
73%
ein
73%
war
71%
so
65%
Wie
64%
wie
64%
bis
61%
den
60%
eine
59%
ist
59%
für
58%
bist
55%
dich
55%
was
52%
hab
51%
nicht
51%
dein
49%
an
48%
zu
48%
schön
47%
mich
46%
schon
46%
mir
45%
mir)
45%
dir
44%
dass
43%
nur
43%
wenn
42%
Nacht
41%
habe
39%
Tag
37%
ja
36%
(ja
36%
dann
32%
denn
32%
Denn
32%
immer
32%
kein
32%
wärst
32%
doch
31%
nie
31%
aber
30%
hier
30%
noch
29%
oder
29%
hast
28%
mach
28%
weiss
27%
wieder
27%
warum
26%
keine
24%
frag
23%
jetzt
23%
2013 Jahr
22%
auch
22%
Auch
22%
Augen
21%
sing
20%
steh
19%
träum
19%
Traum
19%
lang
18%
Mond
18%
morgen
18%
nichts
18%
soll
18%
werden
18%
aus
17%
ging
17%
dieser
16%
Mensch
14%
fragst
11%
gedacht
10%
dacht
9%
gern
9%
also
8%
gar
7%
schau
7%
vielleicht
7%
Wort
7%
erklären?)
6%
hinter
6%
interressiert
6%
gekauft
5%
kleiner
5%
Träume
5%
wusst
5%
gerne
4%
kapiert
4%
sogar
4%
Still
4%
wunderbar
4%
Dafür
3%
darauf
3%
einsam
3%
Ferne
3%
hörst
3%
verlierst
3%
bekannt
2%
Christian Steiffen Interpret
2%
gewohnt
2%
großer
2%
heisst
2%
Ich hab' dir den Mond gekauft Titel
2%
jedoch
2%
Menschen
2%
mitgemacht
2%
rauf
2%
redest
2%
schiess
2%
Schritt
2%
vorher
2%
Anziehungskraft)
1%
Atmosphäre
1%
Gravitation
1%
Menschheit)
1%
Mondgesicht
1%
(naja
1%
Trabant
1%
unbewohnt
1%
Keine übereinstimmenden Quizze gefunden
Verteilung der Resultate
Anzahl Personen mit jedem Resultat
Perzentil nach korrekt beantworteten Fragen
Ihre Resultats-Entwicklung
Sie haben dieses Quiz seit der letzten Aktualisierung nicht gespielt